| 000 | 00535nam a2200217Ia 4500 | ||
|---|---|---|---|
| 003 | OSt | ||
| 005 | 20220413122207.0 | ||
| 008 | 210210b2002 xxu||||| |||| 00| 0 eng d | ||
| 020 | _a0 0918 1697 1 | ||
| 040 |
_aAL _c |
||
| 041 | _aEnglish | ||
| 082 | _a158.1 JOHW | ||
| 100 |
_aJOHNSON (Spencer). _929852 |
||
| 245 | _aWho moved my cheese? | ||
| 260 |
_aLondon _bVermilion _c2002 |
||
| 300 | _a95 | ||
| 650 |
_aPersonal change development _929853 |
||
| 690 |
_aApplied Psychology _929854 |
||
| 906 | _a058043 | ||
| 942 |
_2ddc _cBK |
||
| 999 |
_c105552 _d105552 |
||